LEADER 01086nam--2200361---450- 001 990002945550203316 005 20070618094918.0 010 $a978-88-430-4185-5 035 $a000294555 035 $aUSA01000294555 035 $a(ALEPH)000294555USA01 035 $a000294555 100 $a20070618d2007----km-y0itay50------ba 101 0 $aita 102 $aIT 105 $ay|||||||001yy 200 1 $aSpettri senza nome$emodelli epistemici e narrativa vittoriana$fFrancesco Marroni 210 $aRoma$cCarocci$d2007 215 $a200 p.$d22 cm 225 2 $aLingue e letterature Carocci$v74 410 0$12001$aLingue e letterature Carocci 606 0 $aLetteratura narrativa inglese$zSec. 19. 676 $a823.8 700 1$aMARRONI,$bFrancesco$0176026 801 0$aIT$bsalbc$gISBD 912 $a990002945550203316 951 $aVII.3.B. 1923$b199457 L.M.$cVII.3.$d00159627 959 $aBK 969 $aUMA 979 $aANNAMARIA$b90$c20070618$lUSA01$h0931 979 $aANNAMARIA$b90$c20070618$lUSA01$h0949 996 $aSpettri senza nome$9755962 997 $aUNISA LEADER 00914nlm0 22002891i 450 001 990009898420403321 005 20140925120554.0 010 $a9788815319869 035 $a000989842 035 $aFED01000989842 035 $a(Aleph)000989842FED01 035 $a000989842 100 $a20140925d2014----km-y0itay0103----ba 101 0 $aita 135 $adrnn-008mamaa 200 1 $aRapporto 2014$bRisorsa elettronica$eil Grand Tour del XXI secolo$el'italia e i suoi territori$fItaliadecide 210 $aBologna$cSocietā editrice il Mulino$d2014 230 $aDocumento elettronico 336 $aTesto 337 $aFormato html, pdf 710 02$aItaliadecide$0476824 801 0$aIT$bUNINA$gREICAT$2UNIMARC 856 4 $zFull text per gli utenti Federico II$uhttp://www.darwinbooks.it/doi/10.978.8815/319869 901 $aEB 912 $a990009898420403321 996 $aRapporto 2014$9829137 997 $aUNINA